00446nam a2200157Ia 4500001001000000003000500010008004100015010001100056040000900067082001900076100001700095245011000112260003800222300001100260650001700271Para_6728CHAP220125s1999 xx 000 0 und d a205497 cCHAP aPA 632.951 R63 aRoark, R. C. aLonchocarpus species :b barbasco, cube, haiari, nekoe, y timbo, used as insecticides /c by R. C. Roark aEUA :b Department of Agriculture a133 p. aInsecticidas